000 00821cab a2200229 4500
001 ABS38681
008 090401t1988 xxu||||| |||| 00| 0 eng d
035 _a(Sirsi) u11929
041 _aeng
100 _aHawkes, D.
245 _aBuilding study: housing traditions - two North London homes
260 _c1988
350 _a0
490 _aArchitects` Journal
_v187(4) 27 January 1988, 35-53(19)
520 _aA building study on two recently completed north London houses, one in Laurier Road, the other in Camden Square. Includes detailed plans, diagrams and photographs and economic appraisals of both houses.
650 _aBUILT ENVIRONMENT-BUILDING COSTS
650 _aDESIGN
650 _aRESIDENTIAL PROPERTY
_96266
690 _aBUILDING AND CONSTRUCTION-PROJECTS
942 _n0
948 _c04/03/1997
999 _c7627
_d7627